Bienvenue à la Médiathèque de Saint-Andiol
banniere
Accueil Recherche avancée Mon compte
handi1 Rechercher dans le catalogue

Filtre   Mots-clés
  Recherche avancée
 
Lister les dernières nouveautés
 
Lister les livres GROS CARACTERES
 
Lister les périodiques (magazines)

handi1 Coeur piment

<< Retourner aux résultats de la recherche
Book Cover
Auteur principal : Véronique Grisseaux
Autres auteurs : Raymond Sébastien Cathy Cassidy
Autres auteurs : Drac Reiko Zora
Titre : Coeur piment
Support : Livres
Langue : Francais
Publié : 2022 Jungle Bruxelles
Series : Les Filles au chocolat
Genre : Bande Dessinée (enfants)
Collection : Miss Jungle
Sujets :
Étiquettes :
Pas de tags
LEADER 01582nam0a2200277 450
001 16868116
010 |a 978-2-8222-2689-9  |b cart.  |d 11,95 € 
100 |a 20190603d2022 u u0frey01 ba 
101 0 |a fre 
102 |a FR 
200 0 |a Coeur piment  |f adaptation BD Véronique Grisseaux  |g création du design des personnages Raymond Sébastien - d'après le roman de Cathy Cassidy - couleurs Drac, Reiko, Zora 
207 1 |a   
210 |a Bruxelles  |c Jungle  |d 2022 
215 |a 1 vol. (47 p.)  |c illustrations en couleur  |d 31 x 23 cm 
225 1 |a Miss Jungle 
330 |a Le délicieux récit des Filles aux chocolat débute avec l'installation de Cherry dans ce qui va devenir son nouveau foyer. Avec son père Paddy, la jeune adolescente de 13 ans vient en effet de quitter Glasgow pour le Somerset, où l'attend une fabuleuse maison en bord de falaise. Là-bas, elle fait la connaissance d'une toute nouvelle famille, celle de Charlotte, la fiancée de son père Paddy. Dans ce nouveau foyer, elle apprend à partager la vie de quatre jeunes filles : Coco, 11 ans ; Summer et Skye, 12 ans, et Honey, 14 ans, avec qui elles forment à elles cinq Les filles au chocolat ! 
461 0 |t Les Filles au chocolat  |v 10 
700 0 |a Grisseaux  |b Véronique  |f 1959-....  |4 70 
701 0 |a Sébastien  |b Raymond  |4 440 
701 0 |a Cassidy  |b Cathy  |4 100 
702 0 |a Drac  |4 410 
702 0 |a Reiko  |4 410 
702 0 |a Zora  |4 410 
900 |a Bande Dessinée (enfants) 
901 |a Jeunesse 
995 |a Médiathèque  |c Médiathèque  |f 00156009390964  |h 00156009390964  |k BD FIL  |o p  |q j  |r az  |e Médiathèque